00494nam a2200157Ia 450000500170000000800410001708200130005810000250007124500220009626000470011830000180016550000330018394200060021695200990022299900150032120250402205613.0240331s9999 xx 000 0 und d bSUNa894 aSuntharaledchumy, Y  0aVellip pathasaram aChennaibSathya Bharathi Pathippagamc1993 aVIII, 488 p., aElathu Ilakiya Sirukadhaikal cL 001040708LaWERCLbWERCLcSSCd2024-03-31l0o 894.811 SUNp2138r2024-03-31w2024-03-31yL c4167d4167